00829nam a22002417a 450000500170000001000130001702000100003003500130004003700160005304000120006908200160008110000240009724500720012126000570019327000460025030000200029650000510031665000230036765000300039094200250042099900190044595201230046420170124110028.0 aA-169274 c00.00 aA-060572 bCen Lib/Ret aDPLbEN a342.54bSHA aSharma, B.R.917833 aSocio-economic justice under indian constitution /cby B.R. Sharma aNew DelhibDeep & Deep Publications Pvt. Ltd. c1984 aD-1/24 Rajouri Garden bNew Delhie110027 a460p.c23cm(Hb) aIncludes bibliographical references and index. aCivil rights94533 aConstitutional law921025 2ddccENh342.54mSHA c127618d127618 00104070aLbLd2015-06-30eCen Lib/Retg0.00l0o342.54 SHApA-169274r2015-06-30 00:00:00t1v0.00w2015-06-30yEN